| 000 -LEADER |
| fixed length control field |
00708nam a22001337a 4500 |
| 040 ## - CATALOGING SOURCE |
| Transcribing agency |
RUA |
| 082 ## - DEWEY DECIMAL CLASSIFICATION NUMBER |
| Classification number |
AGR SEN 2006 BOO33 Or.1 |
| 100 ## - MAIN ENTRY--AUTHOR NAME |
| Personal name |
SEANG, RITHY |
| 245 ## - TITLE STATEMENT |
| Title |
Effect of plant organic mulch on yield of lettuce underthe royal university of agriculture crops station condition, (ឥទ្ថិពលគំរបសរីរាង្គធម្មមជាតិទៅលើួិន្នផលដំណាំសាលាដនៅក្រោមលក្ខណ្ឌស្ថានីយ៍ដំណាំនៃសាកលវិទ្យាល័យភូមិកសិកម្ម). |
| 260 ## - PUBLICATION, DISTRIBUTION, ETC. (IMPRINT) |
| Place of publication |
phnom phen |
| Name of publisher |
RUA |
| Year of publication |
2006 |
| 300 ## - PHYSICAL DESCRIPTION |
| Number of Pages |
XIII,46P. |
| Other physical details |
ILL. |
| Dimensions |
29CM. |
| 856 ## - ELECTRONIC LOCATION AND ACCESS |
| Uniform Resource Identifier |
SEANG RITHY |
| 942 ## - ADDED ENTRY ELEMENTS (KOHA) |
| Koha item type |
AGR |
| 952 ## - LOCATION AND ITEM INFORMATION (KOHA) |
| Withdrawn status [LOCAL, KOHA] |
0 |
| 952 ## - LOCATION AND ITEM INFORMATION (KOHA) |
| Withdrawn status [LOCAL, KOHA] |
0 |
| 952 ## - LOCATION AND ITEM INFORMATION (KOHA) |
| Withdrawn status [LOCAL, KOHA] |
0 |